00895nam a2200217 a 450000100100000000500170001000800410002704000250006811100740009324500730016726000760024030000410031670000440035771000330040171000710043471000320050504900090053704900090054695201050055599900170066000003594620250115114738.0110405s1999 dr ac 000 0 spa d aDO-SdBNPbspacBNPHU2 aBienal Nacional de Artes Visualesd(21: 1999cSanto Domingo) :96196910aBienal nacional de artes visuales /ceditor José Enrique García. aSanto Domingo :bMuseo de Arte ModernofImpresión Alfa y Omegac1999. a169 p. :bil., 90 p. ilus. ;c23 cm.12aGarcía, José Enrique,d1948-9224872 aMuseo de Arte Moderno9619711 a República Dominicana.b Secretaría de Estado de Cultura964532 aGrupo León Jimenes961973 aBNPD aBNPD 0010718PDaPDbPDcCTd2011-11-21iLF1l0o p35946-10r2020-06-25w2020-06-25yLFPDZNo se presta c35437d35437